Chapman Library

The career fitness program : (Record no. 103)

000 -LEADER
fixed length control field 00506cam a2200193 a 4500
020 ## - INTERNATIONAL STANDARD BOOK NUMBER
ISBN 0130496154
050 00 - LIBRARY OF CONGRESS CALL NUMBER
Classification number HF5381
100 1# - MAIN ENTRY--AUTHOR NAME
Personal name Sukiennik, Diane.
245 14 - TITLE STATEMENT
Title The career fitness program :
250 ## - EDITION STATEMENT
Edition statement 7th ed.
260 ## - PUBLICATION, DISTRIBUTION, ETC. (IMPRINT)
Place of publication Upper Saddle River, N.J. :
Name of publisher Pearson/Prentice Hall,
Year of publication c2004.
300 ## - PHYSICAL DESCRIPTION
Number of Pages xxi, 330 p. :
Other physical details ill. ;
650 #0 - SUBJECT ADDED ENTRY--TOPICAL TERM
Topical Term Vocational guidance.
Topical Term Job hunting.
Topical Term Personality assessment.
700 1# - ADDED ENTRY--PERSONAL NAME
Personal name Bendat, William.
Personal name Raufman, Lisa.
942 ## - ADDED ENTRY ELEMENTS (KOHA)
Koha item type Books
Holdings
Koha item type Collection code Shelving location Accession Number Permanent Location Current Location Date acquired Full call number
BooksLendingLending1754Chapman LibraryChapman Library2016-01-18HF5381.S914suk
BooksLendingLending1755Chapman LibraryChapman Library2016-01-18HF5381.S914suk


CSUC Chapman Library is a Koha Automated Library.


Contact us: library@csuc.edu.gh.